1142 1751 1594 1336 1043 1496 1233 1547 1359 1605 1551 1674 1462 1220 1541 1414 1323 1318 1165 1955 1803 1106 1136 1353 1458 1858 1120 1594 1220 1077 1260 1444 1657 1500 1416 1031 1906 1253 1791 1537 1565 1257 1926 1268 1665 1907 1838 1508 1112 1317 1463 1747 1487 1411 1607 1525 1343 1857 1633 1415 1470 1223 1672 1802 1740 1313 1467 1571 1060 1230 1931 1839 1537 1542 1820 1468 1278 1597 1422 1735 1516 1364 1108 1937 1918 1836 1922 1120 1369 1629 1620 1479 1789 1848 1474 1373 1631 1974 1673 BCNSPRNW ULIB Ver.6.0+V

เปลี่ยนเป็นภาษาไทย

Change to English
 แสดงรายละเอียดบรรณานุกรม
  กลับหน้าหลัก

Brief Record : Get Marc (ISO 2709) : E-mail record : QR code < ปิดหน้าต่าง
LEADER : 00000nam 2200000uu 4500
001    13399109049
003     ULIB
008    110321s2552||||th 000 0 tha d
020    9746186995
024    9789746186995
050  4 BQ4190^bค167ห 2552
100 0  ครูไวทย์ สันตยารมณ์
245 10 ความหลังที่ยังจำได้ /^cครูไวทย์ สันตยารมณ์
246 30 สารคดีชีวประวัติ ความหลังที่ยังจำได้
260    กรุงเทพฯ :^bบ้านครูไวทย์,^c2552
300    130 หน้า ;^c22 ซม.
650  7 ธรรมะ
650  7 นวนิยายอิงธรรม
650  7 ธรรม^vรวมเรื่อง
945    ^p150^l0^i029812
945    ^p150^l0^i029813
995    เกษร
999     ^aใช้งานได้ทุกระบบ
รายการนี้ยังไม่มีแท็ก
คุณยังไม่ได้ล็อกอิน คุณสามารถมีกิจกรรมร่วมกับเว็บไซต์ได้ แต่ต้องล็อกอินก่อน ::
  ล็อกอิน

รายการสื่อสารสนเทศ

ลำดับที่ ประเภท เลขเรียก/บาร์โค้ด สถานที่ สถานะ
- ไม่พบข้อมูล -

รายการใกล้เคียง
    ผู้แต่ง [ครูไวทย์ สันตยารมณ์]

    หัวเรื่อง [ธรรมะ]
    หัวเรื่อง [นวนิยายอิงธรรม]

BibComment


ยังไม่เคยถูกคอมเมนท์

คอมเมนท์ทรัพยากรรายการนี้
  คอมเมนท์: ความหลังที่ยังจำไ..


 Copyright 2026. Bcnsprnw @Library